000 00604nam a2200193Ia 4500
003 GCL
008 140319s9999 xx 000 0 ara d
040 _aGCL /
_cGCL
082 0 4 _a819
_bص ع
100 1 _aصلاح فضل
245 1 0 _aعلم الاسلوب مبادئة واجراءاته /
_cصلاح فضل
260 _a[S.N] :
_bالهيئة المصرية العامة للكتاب ،
_c1985
490 _aدراسات ادبية
_v0
650 0 4 _aالادب العربى
650 0 4 _aالبلاغة العربية
650 0 4 _aالجمال
650 0 4 _aالاسلوب
942 _2ddc
_cBK
999 _c28904
_d28904